| 000 | 00586nam a2200217Ia 4500 | ||
|---|---|---|---|
| 005 | 20210906121805.0 | ||
| 008 | 131103s9999 xx 000 0 und d | ||
| 020 |
_a745627587 _cGBP 14.99 |
||
| 040 | _aLoreto College | ||
| 041 | _aEnglish | ||
| 082 |
_a320 _bKAL |
||
| 100 | _aKaldor, Mary | ||
| 245 |
_aGlobal Civil Society _bAn answer to war _cMary Kaldor |
||
| 260 |
_aCambridge, UK _bPolity _c2003 |
||
| 300 | _aviii,189p | ||
| 504 | _aIncludes bibliographical references and index | ||
| 650 | _aCivil Society | ||
| 651 | _aGlobalization | ||
| 850 | _aLCLIB | ||
| 942 | _cBK | ||
| 999 |
_c12682 _d63161 |
||